| 000 | 01114nam a2200265Ia 4500 | ||
|---|---|---|---|
| 005 | 20220317001324.0 | ||
| 008 | 161108s2013 ck g 000 0 spa | ||
| 020 | _a9789586652476 | ||
| 082 | 0 | 4 |
_a370.1 _bH69f |
| 100 | 1 |
_aHoyos Vásquez, Guillermo _d1935-2013 |
|
| 245 | 1 | 0 |
_aFilosofía de la educación _bapuntes de su último seminario de doctorado _cGuillermo Hoyos Vásquez |
| 250 | _a1a. edición | ||
| 300 |
_a271 páginas _c21 cm |
||
| 490 |
_aBiblioteca universitaria _pciencias sociales y humanidades |
||
| 500 | _aIncluye datos biográficos del autor en la solapa | ||
| 505 | _aSeminario Filosofía de la educación 15-17 de septiembre de 2011 -- Seminario Filosofía de la educación 26-27 de octubre de 2012 | ||
| 650 | 1 | 4 |
_2LEMB _aFilosofía de La educacion _xCongresos, conferencias, etc |
| 650 | 1 | 4 |
_2LEMB _aEducación Superior _xCongresos, conferencias, etc |
| 942 |
_2ddc _cBK |
||
| 264 |
_aBogotá _bSiglo del Hombre _c2013 |
||
| 336 |
_atexto _btxt _2rdacontent |
||
| 337 |
_asin mediación _bn _2rdamedia |
||
| 338 |
_avolumen _bnc _2rdacarrier |
||
| 040 |
_aCO-BoRNBP _bspa _erda _cCO-BoRNBP |
||
| 999 |
_c6615 _d6615 |
||